<?xml version="1.0" encoding="UTF-8"?>
<record
    xmlns:xsi="http://www.w3.org/2001/XMLSchema-instance"
    xsi:schemaLocation="http://www.loc.gov/MARC21/slim http://www.loc.gov/standards/marcxml/schema/MARC21slim.xsd"
    xmlns="http://www.loc.gov/MARC21/slim">

  <leader>00780nam a22002057a 4500</leader>
  <controlfield tag="005">20230710111510.0</controlfield>
  <controlfield tag="008">230710b           ||||| |||| 00| 0 eng d</controlfield>
  <datafield tag="040" ind1=" " ind2=" ">
    <subfield code="c">AL</subfield>
  </datafield>
  <datafield tag="041" ind1=" " ind2=" ">
    <subfield code="a">kan</subfield>
  </datafield>
  <datafield tag="082" ind1=" " ind2=" ">
    <subfield code="2">23</subfield>
    <subfield code="a">K894.3</subfield>
    <subfield code="b">INDM</subfield>
  </datafield>
  <datafield tag="100" ind1=" " ind2=" ">
    <subfield code="a">H B Indrakumar:  &#xC8E;&#xC9A;&#xCCD; &#xCAC;&#xCBF; &#xC87;&#xC82;&#xCA6;&#xCCD;&#xCB0;&#xC95;&#xCC1;&#xCAE;&#xCBE;&#xCB0;&#xCCD;</subfield>
    <subfield code="9">126162</subfield>
  </datafield>
  <datafield tag="245" ind1=" " ind2=" ">
    <subfield code="a">Mrudula: Atmada Hakkiya Hadu</subfield>
    <subfield code="b">&#xCAE;&#xCC3;&#xCA6;&#xCC1;&#xCB2;&#xCBE;: &#xC86;&#xCA4;&#xCCD;&#xCAE;&#xCA6; &#xCB9;&#xC95;&#xCCD;&#xC95;&#xCBF;&#xCAF; &#xCB9;&#xCBE;&#xCA1;&#xCC1; </subfield>
  </datafield>
  <datafield tag="260" ind1=" " ind2=" ">
    <subfield code="a">Davanagere</subfield>
    <subfield code="b">Chiguru Pustaka</subfield>
    <subfield code="c">2013</subfield>
  </datafield>
  <datafield tag="300" ind1=" " ind2=" ">
    <subfield code="a">xiii,152p.</subfield>
    <subfield code="b">PB</subfield>
    <subfield code="c">21x14cm.</subfield>
  </datafield>
  <datafield tag="365" ind1=" " ind2=" ">
    <subfield code="2">Kannada</subfield>
    <subfield code="b">110.00</subfield>
    <subfield code="c">&#x20B9;</subfield>
    <subfield code="d">110.00</subfield>
  </datafield>
  <datafield tag="650" ind1=" " ind2=" ">
    <subfield code="a">Kannada Fiction: &#xC95;&#xCA8;&#xCCD;&#xCA8;&#xCA1; &#xC95;&#xCA4;&#xCC6; </subfield>
    <subfield code="9">126163</subfield>
  </datafield>
  <datafield tag="650" ind1=" " ind2=" ">
    <subfield code="a">Kannada Novel</subfield>
    <subfield code="9">126164</subfield>
  </datafield>
  <datafield tag="700" ind1=" " ind2=" ">
    <subfield code="a">INDRAKUMAR (H B): &#xC87;&#xC82;&#xCA6;&#xCCD;&#xCB0;&#xC95;&#xCC1;&#xCAE;&#xCBE;&#xCB0;&#xCCD; (&#xC8E;&#xC9A;&#xCCD; &#xCAC;&#xCBF;) </subfield>
    <subfield code="9">126165</subfield>
  </datafield>
  <datafield tag="942" ind1=" " ind2=" ">
    <subfield code="2">ddc</subfield>
    <subfield code="c">DB</subfield>
  </datafield>
  <datafield tag="999" ind1=" " ind2=" ">
    <subfield code="c">227785</subfield>
    <subfield code="d">227785</subfield>
  </datafield>
  <datafield tag="952" ind1=" " ind2=" ">
    <subfield code="0">0</subfield>
    <subfield code="1">0</subfield>
    <subfield code="2">ddc</subfield>
    <subfield code="4">0</subfield>
    <subfield code="7">0</subfield>
    <subfield code="8">KAN</subfield>
    <subfield code="a">AL</subfield>
    <subfield code="b">AL</subfield>
    <subfield code="d">2023-07-03</subfield>
    <subfield code="l">0</subfield>
    <subfield code="o">K894.3 INDM</subfield>
    <subfield code="p">D06090</subfield>
    <subfield code="r">2023-07-10 00:00:00</subfield>
    <subfield code="v">110.00</subfield>
    <subfield code="w">2023-07-10</subfield>
    <subfield code="y">DB</subfield>
    <subfield code="z">Donated by Dr Mahalinga Bhat</subfield>
  </datafield>
</record>
